000
003530000a22001570004500
005
20120302065135.0
942
_c
BOOK
100
_a
Poddar, Hanumanprasad
245
_a
Dampatya - Jeevanka Adarsha
250
_a
3rd
260
_a
Gorakhpur:Geetapress
300
_a
143p..-ill
040
_a
Hin
365
_b
5/-
650
_a
Vaicharik, sankeerna
999
_c
363999
_d
363996